000
00277nam a22001337a 4500
008
181106b xxu||||| |||| 00| 0 eng d
020
_a
0716705249
041
_a
eng
080
_a
575
100
_a
9
101
_a
IMU
245
_a
Immunology
_c
Burnet,F.M
942
_2
udc
_c
BK
999
_c
51926
_d
51926